Stress & well-being at work : (Record no. 125)
[ view plain ]
| 000 -LEADER | |
|---|---|
| fixed length control field | 01237pam a2200301 a 4500 |
| 001 - CONTROL NUMBER | |
| control field | 2976455 |
| 005 - DATE AND TIME OF LATEST TRANSACTION | |
| control field | 20241023101338.0 |
| 008 - FIXED-LENGTH DATA ELEMENTS--GENERAL INFORMATION | |
| fixed length control field | 920310s1992 dcua b 101 0 eng c |
| 020 ## - INTERNATIONAL STANDARD BOOK NUMBER | |
| International Standard Book Number | 1557981752 : |
| Terms of availability | $35.00 ($29.50 to members) |
| 050 00 - LIBRARY OF CONGRESS CALL NUMBER | |
| Classification number | RC967.5 |
| Item number | .W67 1992b |
| 082 00 - DEWEY DECIMAL CLASSIFICATION NUMBER | |
| Classification number | 158.7 |
| Edition information | 20 |
| 245 00 - TITLE STATEMENT | |
| Title | Stress & well-being at work : |
| Remainder of title | assessments and interventions for occupational mental health / |
| Statement of responsibility, etc. | edited by James Campbell Quick, Lawrence R. Murphy, and Joseph J. Hurrell, Jr. |
| 250 ## - EDITION STATEMENT | |
| Edition statement | 1st ed. |
| 260 ## - PUBLICATION, DISTRIBUTION, ETC. | |
| Place of publication, distribution, etc. | Washington, DC : |
| Name of publisher, distributor, etc. | American Psychological Association, |
| Date of publication, distribution, etc. | c1992. |
| 300 ## - PHYSICAL DESCRIPTION | |
| Extent | x, 372 p. : |
| Other physical details | ill. ; |
| Dimensions | 26 cm. |
| 500 ## - GENERAL NOTE | |
| General note | Companion v. to: Work and well-being / edited by Gwendolyn Puryear Keita, and Steven L. Sauter. 1992. |
| 650 #0 - SUBJECT ADDED ENTRY--TOPICAL TERM | |
| Topical term or geographic name entry element | Industrial psychiatry |
| General subdivision | Congresses. |
| 650 #0 - SUBJECT ADDED ENTRY--TOPICAL TERM | |
| Topical term or geographic name entry element | Job stress |
| General subdivision | Congresses. |
| 650 #2 - SUBJECT ADDED ENTRY--TOPICAL TERM | |
| Topical term or geographic name entry element | Occupational Diseases |
| General subdivision | prevention & control |
| -- | congresses. |
| 650 #2 - SUBJECT ADDED ENTRY--TOPICAL TERM | |
| Topical term or geographic name entry element | Occupational Health Services |
| General subdivision | Congresses. |
| 650 #2 - SUBJECT ADDED ENTRY--TOPICAL TERM | |
| Topical term or geographic name entry element | Psychology, Industrial. |
| 650 #2 - SUBJECT ADDED ENTRY--TOPICAL TERM | |
| Topical term or geographic name entry element | Stress, Psychological |
| General subdivision | prevention & control |
| -- | congresses. |
| 650 #2 - SUBJECT ADDED ENTRY--TOPICAL TERM | |
| Topical term or geographic name entry element | Work |
| General subdivision | psychology |
| -- | congresses. |
| 700 1# - ADDED ENTRY--PERSONAL NAME | |
| Personal name | Quick, James C. |
| 700 1# - ADDED ENTRY--PERSONAL NAME | |
| Personal name | Murphy, Lawrence R. |
| 700 1# - ADDED ENTRY--PERSONAL NAME | |
| Personal name | Hurrell, Joseph J. |
| 942 ## - ADDED ENTRY ELEMENTS (KOHA) | |
| Source of classification or shelving scheme | Library of Congress Classification |
| Koha item type | Books |
| Suppress in OPAC | No |
| 999 ## - | |
| -- | 125 |
| -- | 125 |
| Withdrawn status | Lost status | Source of classification or shelving scheme | Damaged status | Not for loan | Collection | Home library | Current library | Shelving location | Date acquired | Total checkouts | Full call number | Barcode | Date last seen | Copy number | Price effective from | Koha item type |
|---|---|---|---|---|---|---|---|---|---|---|---|---|---|---|---|---|
| Library of Congress Classification | Non-fiction | Undergraduate Library (Christ Temple) | Undergraduate Library (Christ Temple) | General stacks | 10/23/2024 | RC967.5 STR | ulct00000044 | 10/23/2024 | 1 | 10/23/2024 | Books |